| 000 | 01352nam a2200253Ia 4500 | ||
|---|---|---|---|
| 999 |
_c55835 _d55835 |
||
| 001 | 22932 | ||
| 003 | GE_BSU | ||
| 005 | 20230602104842.0 | ||
| 008 | 181216s ||||ge |||||||||||||| ||geo|| | ||
| 040 | _cGE_BSU | ||
| 041 | _ageo | ||
| 080 | _a821.353.1.09 ზ-27 | ||
| 100 |
_aზანდუკელი, მიხეილ _918413 |
||
| 245 |
_aთხზულებანი ტ. 1 : _bახალი ქართული ლიტერატურა / _cმიხეილ ზანდუკელი ; რედ. ს. ხუციშვილი ; [სარედ. კოლ. : პ. კეკელიძე, გ. კიკნაძე, ნ. ტაბიძე და სხვ.]. |
||
| 264 |
_aთბილისი : _bთბილ. უნ-ტის გამ-ბა, _c1972. |
||
| 300 |
_a578 გვ. : _b1 ფ. ილ. ; _c20სმ. |
||
| 500 | _aპირთა საძიებელი გვ. : 571-578 | ||
| 541 | _h7ლ.20თ. | ||
| 653 | _aთხზულებანი. ტ. 1, ახალი ქართული ლიტერატურა | ||
| 653 | _aლიტერატურის ისტორია და კრიტიკა | ||
| 653 | _a ქართული ლიტერატურა. | ||
| 700 |
_aხუციშვილი, ს. _eრედაქტორი _913559 |
||
| 942 |
_cBK _2udc |
||